Entrepreneurship in higher education, especially in non-business studies final report of the expert group
Guardado en:
| Autor principal: | |
|---|---|
| Formato: | Libro |
| Lenguaje: | inglés |
| Publicado: |
Brussel
European Commission
2008
|
| Materias: | |
| Etiquetas: |
Sin Etiquetas, Sea el primero en etiquetar este registro!
|
MARC
| LEADER | 00000nam$a2200000$$$4500 | ||
|---|---|---|---|
| 001 | 0075806 | ||
| 005 | 20240718075313.1 | ||
| 041 | 0 | |a eng | |
| 044 | |a BE | ||
| 245 | 1 | 0 | |a Entrepreneurship in higher education, especially in non-business studies |b final report of the expert group |c Elena Šúbertová |
| 264 | 1 | |a Brussel |b European Commission |c 2008 | |
| 300 | |a 68 s. | ||
| 610 | 2 | 0 | |a podnikanie |
| 610 | 2 | 0 | |a školy vysoké |
| 610 | 2 | 0 | |a vzdelávanie vysokoškolské |
| 610 | 2 | 0 | |a štúdium vysokoškolské |
| 610 | 2 | 0 | |a Európska únia |
| 100 | 1 | |a Šúbertová, Elena | |